Best of My Love - Eagles - Statistics

General Stats
  • This quiz has been taken 6 times
  • The average score is 238 of 280
Answer Stats
Answer % Correct
a
100%
And
100%
and
100%
be
100%
best
100%
get
100%
give
100%
go
100%
I
100%
it
100%
It
100%
love
100%
me
100%
my
100%
of
100%
that
100%
That
100%
the
100%
to
100%
To
100%
too
100%
we
100%
We
100%
you
100%
You
100%
your
100%
about
83%
all
83%
apart
83%
at
83%
bed
83%
both
83%
come
83%
darling
83%
I'm
83%
in
83%
know
83%
live
83%
Look
83%
lying
83%
night
83%
Oh
83%
on
83%
over
83%
places
83%
right
83%
said
83%
sweet
83%
things
83%
Thinking
83%
try
83%
trying
83%
us
83%
way
83%
were
83%
always
67%
away
67%
But
67%
but
67%
close
67%
coming
67%
dream
67%
dreams
67%
each
67%
Every
67%
every
67%
going
67%
gonna
67%
had
67%
happen
67%
heart
67%
here
67%
Holding
67%
it's
67%
little
67%
mine
67%
morning
67%
other
67%
our
67%
out
67%
same
67%
seams
67%
see
67%
slipping
67%
so
67%
time
67%
today
67%
up
67%
wake
67%
was
67%
What's
67%
words
67%
above
50%
baby
50%
back
50%
Beautiful
50%
cheap
50%
cloud
50%
cold
50%
could
50%
crowd
50%
dark
50%
day
50%
empty
50%
enough
50%
faces
50%
guess
50%
If
50%
Left
50%
like
50%
never
50%
old
50%
quiet
50%
rise
50%
rough
50%
sleeping
50%
talk
50%
wasn't
50%
Wasting
50%
wine
50%
worry
50%
would
50%
loud
33%
No matching quizzes found
Score Distribution
Percent of People with Each Score
Percentile by Number Answered
Your Score History
You have not taken this quiz